Dream smp selections... - Statistics

General Stats
  • This quiz has been taken 1,148 times
  • The average score is 51 of 64
Answer Stats
Question Tile Select % Correct
of the Dream team Dream Yes
92%
of the Dream team Corpse No
89%
of the Dream team Corpse No
89%
all people who are on the dream smp from this selection Joe No
89%
all people who are on the dream smp from this selection Maximus No
89%
all people who are on the dream smp from this selection Maximus No
89%
of the Dream team Minx No
89%
of the Dream team Minx No
89%
of the Dream team Sapnap Yes
89%
all people who are on the dream smp from this selection Bill No
88%
all people who are on the dream smp from this selection Bill No
88%
of the Dream team George Yes
88%
all people who are on the dream smp from this selection Joe No
88%
of the Dream team Jschlatt No
88%
of the Dream team Jschlatt No
88%
all people who are on the dream smp from this selection Tubbo Yes
88%
all people who are on the dream smp from this selection Badboyhalo Yes
87%
all people who are on the dream smp from this selection Dantdm No
87%
all people who are on the dream smp from this selection Dantdm No
87%
of the Dream team Eret No
87%
the sleepy bois inc Jschlatt No
87%
all people who are on the dream smp from this selection Karl Yes
87%
the sleepy bois inc Nihachu No
87%
the sleepy bois inc Nihachu No
87%
of the Dream team Tommy No
87%
of the Dream team Eret No
86%
the sleepy bois inc Jschlatt No
86%
all people who are on the dream smp from this selection Ponk Yes
86%
of the Dream team Tommy No
86%
all people who are on the dream smp from this selection Badboyhalo Yes
85%
all people who are on the dream smp from this selection Karl Yes
85%
all people who are on the dream smp from this selection Tubbo Yes
85%
all people who are on the dream smp from this selection Ponk Yes
84%
the same people in the same groups (e.g. same name) George Yes
80%
the sleepy bois inc Ranboo No
79%
the sleepy bois inc Wilbur Yes
79%
the same people in the same groups (e.g. same name) Dream Yes
78%
the sleepy bois inc Ranboo No
78%
the sleepy bois inc Philza Yes
77%
the sleepy bois inc Technoblade Yes
77%
the sleepy bois inc Tommy Yes
77%
the same people in the same groups (e.g. same name) Sapnap Yes
76%
the same people in the same groups (e.g. same name) George Yes
74%
the same people in the same groups (e.g. same name) Dream Yes
73%
of the Dream team George Yes
72%
of the Dream team Sapnap Yes
72%
the sleepy bois inc Tubbo No
72%
the same people in the same groups (e.g. same name) Sapnap Yes
71%
of the Dream team Dream Yes
70%
the sleepy bois inc Tubbo No
70%
the same people in the same groups (e.g. same name) Technoblade Yes
69%
the sleepy bois inc Tommy Yes
69%
the same people in the same groups (e.g. same name) Wilbur Yes
69%
the same people in the same groups (e.g. same name) Niki Yes
68%
the same people in the same groups (e.g. same name) Captain Puffy Yes
67%
the same people in the same groups (e.g. same name) Niki Yes
67%
the same people in the same groups (e.g. same name) Philza Yes
67%
the same people in the same groups (e.g. same name) Wilbur Yes
67%
the same people in the same groups (e.g. same name) Captain Puffy Yes
66%
the same people in the same groups (e.g. same name) Philza Yes
66%
the same people in the same groups (e.g. same name) Technoblade Yes
66%
the sleepy bois inc Wilbur Yes
64%
the sleepy bois inc Philza Yes
62%
the sleepy bois inc Technoblade Yes
60%
No matching quizzes found
Score Distribution
Percent of People with Each Score
Percentile by Number Answered
Your Score History
You have not taken this quiz